000 00627cam a2200169 4500
001 ##L134167
008 060713n1961 000 0 eng u
035 _a(Sirsi) u134167
041 0 _aeng
050 0 4 _a331.2166 $2 18
110 2 _aRoyal Institution of Chartered Surveyors
_94900
245 0 0 _aMemorandum by the quantity surveyors' committee as an introduction to the revised scale no. 36 - the scale of professional charges for quantity surveying services
260 _aLondon
_bRICS
_c1961
300 _a10p.
_c22cm.
690 _aABOUT RICS-RICS MEMBERS-CHARTERED SURVEYORS-CHARTERED QUANTITY SURVEYORS
942 _n0
999 _c105577
_d105577